000 00216 a2200097 4500
001 57587
100 _a
245 _aIslam aur jadeed science
260 _aLahore
_bMinhaj ul Quran
_c
090 _c35322
_d35322
942 _aNUST-CAE
_cMONOGRAPH
_c28139
999 _c292660
_d292660